Name Laufey's Coachella setlist - Statistics

General Stats
  • This quiz has been taken 12 times
  • The average score is 13 of 14
Answer Stats
Answer % Correct
Bored
100%
Falling Behind
100%
Fragile (Jazz Version)
100%
From The Start
100%
Goddess
100%
How I Get
100%
Lover Girl
100%
Madwoman
100%
Sabotage
83%
Seems Like Old Times
83%
Silver Lining
83%
Valentine (Jazz Version)
83%
Promise
67%
Too Little, Too Late
67%
No matching quizzes found
Score Distribution
Percent of People with Each Score
Percentile by Number Answered
Your Score History
You have not taken this quiz